Science Quiz

Random Science or Clickable Quiz
Score 0/20 Timer 04:00
28 Plays Today
% Correct
Blue Starfish
94.7%
Bluestripe Garter Snake
94.7%
Steelblue Ladybug
94.3%
Blue Poison Dart Frog
94%
Indian Peacock
93.9%
Blue-Ringed Octopus
93.1%
Carpathian Blue Slug
92.1%
Blue Jay
87%
Hyacinth Macaw
86.3%
Little Blue Heron
85.3%
% Correct
Blue Crab
84.6%
Mountain Bluebird
83.4%
Humphead Wrasse
83.3%
Blue Crayfish
82.9%
Blue Iguana
81.3%
Blue-Headed Agama
80.4%
Blue Tang
80.4%
Common Kingfisher
78.7%
Blue Sea Slug
63.4%
Blue Dasher
60.8%
Remove Ads.
Support Sporcle.
Get the best of Sporcle when you Go Orange. This ad-free experience offers more features, more stats, and more fun while also helping to support Sporcle. Thank you for becoming a member.

You're not logged in!

Compare scores with friends on all Sporcle quizzes.
OR
Log In

Show Comments

Extras

Top Quizzes Today


Score Distribution

Your Account Isn't Verified!

In order to create a playlist on Sporcle, you need to verify the email address you used during registration. Go to your Sporcle Settings to finish the process.

Report this User

Report this user for behavior that violates our Community Guidelines.

Details: